Normal view
MARC view
- Elmasri, R. / Navathe, S. B
Entry Personal Name
001 - CONTROL NUMBER
- control field: 69367
003 - CONTROL NUMBER IDENTIFIER
- control field: OSt
005 - DATE AND TIME OF LATEST TRANSACTION
- control field: 20220806111555.0
008 - FIXED-LENGTH DATA ELEMENTS
- fixed length control field: 220806|| aca||aabn | a|a d
040 ## - CATALOGING SOURCE
- Original cataloging agency: OSt
- Transcribing agency: OSt
100 ## - HEADING--PERSONAL NAME
- Personal name: Elmasri, R. / Navathe, S. B
670 ## - SOURCE DATA FOUND
- Source citation: Work cat.: (OSt)38915: Elmasri, R. / Navathe, S. B., Database Systems: Models, Languages, Design And Application Programming, 2014